<The> development of individual and cooperative labour activity in the Soviet Union.
Prehľad rastu podnikania jednotlivcami a družstvami v ZSSR od roku 1983. Motivácia podnikania štátom, jeho druhy a vznikajúce problémy. Postoje verejnosti k súkromnému podnikaniu. Štatistické údaje.
Gespeichert in:
| 1. Verfasser: | |
|---|---|
| Format: | Buchkapitel |
| Sprache: | Englisch |
| Schlagworte: | |
| Tags: |
Keine Tags, Fügen Sie das erste Tag hinzu!
|
MARC
| LEADER | 00000naa a2200000 4500 | ||
|---|---|---|---|
| 001 | r002834 | ||
| 005 | 20220819193530.6 | ||
| 041 | 0 | |a eng | |
| 044 | |a GB | ||
| 245 | 1 | 0 | |a <The> development of individual and cooperative labour activity in the Soviet Union. |c K. Plokker |
| 520 | |a Prehľad rastu podnikania jednotlivcami a družstvami v ZSSR od roku 1983. Motivácia podnikania štátom, jeho druhy a vznikajúce problémy. Postoje verejnosti k súkromnému podnikaniu. Štatistické údaje. | ||
| 610 | 2 | 0 | |a podnikanie súkromné |
| 610 | 2 | 0 | |a družstvá |
| 610 | 2 | 0 | |a ZSSR |
| 610 | 2 | 0 | |a 1983 |
| 610 | 2 | 0 | |a štát |
| 610 | 2 | 0 | |a motivácia |
| 610 | 2 | 0 | |a údaje štatistické |
| 610 | 2 | 0 | |a mienka verejná |
| 100 | 1 | |a Plokker, K. | |